[Event "Chicago op"]
[Site "Chicago"]
[Date "1997.??.??"]
[Round "3"]
[White "Chow, Albert"]
[Black "Marovic, Mato"]
[Result "1-0"]
[WhiteElo "2290"]
[BlackElo "2140"]

1.d4 Nf6 2.c4 e6 3.Nf3 Bb4+ 4.Nbd2 d5 5.Qa4+ Nc6 6.a3 Bxd2+ 7.Bxd2 Ne4 8.Rd1 O-O
9.e3 f5 10.Bd3 Bd7 11.Qc2 a5 12.b3 Qe7 13.Bc1 Be8 14.O-O Bh5 15.Be2 Bg6 16.Qb2 h6
17.c5 Ng5 18.b4 axb4 19.axb4 Ra4 20.b5 Nxf3+ 21.Bxf3 Nd8 22.Bd2 Nf7 23.Ra1 Rfa8
24.Rxa4 Rxa4 25.Ra1 Rxa1+ 26.Qxa1 Qd8 27.Qa7 b6 28.Be2 Ng5 29.f3 Nf7 30.Be1 bxc5
31.dxc5 d4 32.exd4 Qxd4+ 33.Bf2 Qd8 34.b6 cxb6 35.cxb6 Ne5 36.Qc7 Qd5 37.b7  1-0

[Event "Capablanca 32th Premier-A"]
[Site "Cienfuegos"]
[Date "1997.??.??"]
[Round "2"]
[White "Franco Ocampo, Zenon"]
[Black "Blanco Fernandez, Alvaro"]
[Result "1/2-1/2"]
[WhiteElo "2460"]
[BlackElo "2365"]

1.Nf3 Nf6 2.c4 e6 3.d4 Bb4+ 4.Nbd2 b6 5.a3 Bxd2+ 6.Qxd2 O-O 7.e3 Bb7 8.Be2 a5
9.b3 d5 10.O-O Nbd7 11.Rd1 Qe7 12.a4 Rfd8 13.Ba3 c5 14.Rac1 Rac8 15.cxd5 exd5
16.dxc5 Ne4 17.Qe1 Ndxc5 18.Nd4 Qf6 19.Bg4 Rc7 20.Nb5 Rc6 21.Nd4 Rc7 22.Nb5 Rc6
23.f3 Ng5 24.Nd4 Rc7 25.Qg3 Re7 26.h4 Nge6 27.Bxe6 fxe6 28.Bxc5 bxc5 29.Rxc5 e5
30.Nb5 d4 31.Qg5 Bd5 32.Rd3 Qf7 33.exd4 h6 34.Qd2 e4 35.fxe4 Bxe4 36.Rg3 Rf8
37.Rc1 Bd5 38.Nc3 Bxb3 39.Rf3 Qe8 40.Rxf8+ Qxf8 41.Rb1 Rb7 42.Ne4 Qf5 43.Re1 Rb4
44.Nc5 Bd5 45.Re8+ Kf7 46.Re5 Rb1+ 47.Re1 Kg8 48.Rxb1 Qxb1+ 49.Kh2 Qg6 50.Qf2 Qg4
51.Nd3 Bxg2 52.Qxg2 Qxh4+ 53.Qh3 Qxd4 54.Qe6+ Kh7 55.Qf5+ Kg8 56.Nc5 Qd2+
57.Kg3 Qe3+ 58.Kg4 Qe2+ 59.Kg3 Qe3+ 60.Kg4 Qe2+ 61.Kg3  1/2-1/2

[Event "Cutro"]
[Site "Cutro"]
[Date "1997.??.??"]
[Round "?"]
[White "Bellon Lopez, Juan Manuel"]
[Black "Drasko, Milan"]
[Result "1/2-1/2"]
[WhiteElo "2465"]
[BlackElo "2555"]

1.d4 e6 2.Nf3 Nf6 3.c4 Bb4+ 4.Nbd2 b6 5.e3 Bb7 6.Bd3 O-O 7.O-O c5 8.b3 cxd4
9.exd4 Re8 10.Bb2 Bf8 11.Re1 d6 12.Ng5 h6  1/2-1/2

[Event "CZE-chT 9697"]
[Site "CZE"]
[Date "1997.??.??"]
[Round "10"]
[White "Ftacnik, Lubomir"]
[Black "Vokac, Marek"]
[Result "1-0"]
[WhiteElo "2595"]
[BlackElo "2485"]

1.d4 Nf6 2.Nf3 e6 3.c4 Bb4+ 4.Nbd2 b6 5.g3 Bb7 6.Bg2 O-O 7.O-O a5 8.Qc2 Na6
9.e4 Bxd2 10.Nxd2 c5 11.d5 exd5 12.exd5 d6 13.b3 Bc8 14.Bb2 Nb4 15.Qc3 Bf5
16.Ne4 Ne8 17.Rfe1 f6 18.Re3 Ra7 19.a3 Na6 20.Rae1 Raf7 21.h3 Bd7 22.g4 b5
23.cxb5 Bxb5 24.Ng3 g6 25.Ne4 h6 26.g5 Nac7 27.Nxf6+ Nxf6 28.gxf6 Qxf6 29.Qxf6 Rxf6
30.Rg3 g5 31.Bxf6 Rxf6 32.h4 Kf7 33.hxg5 hxg5 34.Rxg5 Bd3 35.Rg3 Bf5 36.Bf1 Nxd5
37.Bc4 Be6 38.Rxe6 Kxe6 39.Re3+ Kf5 40.Bxd5 Rh6 41.a4 Rh4 42.Rd3  1-0

[Event "Decin op"]
[Site "Decin"]
[Date "1997.??.??"]
[Round "7"]
[White "Verdihanov, Vladislav"]
[Black "Kubala, Martin"]
[Result "1-0"]
[WhiteElo "2405"]
[BlackElo "2265"]

1.d4 Nf6 2.Nf3 e6 3.c4 Bb4+ 4.Nbd2 b6 5.a3 Bxd2+ 6.Bxd2 Bb7 7.Bg5 h6 8.Bh4 d6
9.e3 Nbd7 10.Bd3 g5 11.Bg3 Ne4 12.Qa4 Nxg3 13.hxg3 g4 14.Nh4 Qg5 15.O-O Ke7
16.Qc2 Rhg8 17.d5 Ne5 18.dxe6 fxe6 19.b4 Rad8 20.a4 a5 21.bxa5 Nxd3 22.Qxd3 bxa5
23.c5 dxc5 24.Qb5 Be4 25.Rfd1 Rxd1+ 26.Rxd1 Rd8 27.Rc1 Bd3 28.Qxa5 c4 29.Qxc7+ Rd7
30.Qb6 Qd5 31.Qb2 Rb7 32.Qg7+ Kd6 33.Qf8+ Kd7 34.Ng6 Bxg6 35.Qg7+ Kd6 36.Qxg6 Rb2
37.Qf6 Rd2 38.Qf4+ Kc5 39.Qxg4 Kb4 40.a5 Kb3 41.a6 c3 42.Ra1 Qc6 43.a7 c2
44.a8=Q Qxa8 45.Rxa8 c1=Q+ 46.Kh2 Qc6 47.Rb8+ Kc2 48.Qg6+ Kd1 49.Kg1 Rc2
50.Rd8+ Kc1 51.Qd3 Kb2 52.Rb8+ Ka2 53.Qb3+  1-0

[Event "Dresden op"]
[Site "Dresden"]
[Date "1997.??.??"]
[Round "3"]
[White "Suhl, Dirk"]
[Black "Starke, Ronald"]
[Result "1-0"]
[WhiteElo "2320"]
[BlackElo "2140"]

1.Nf3 Nf6 2.d4 e6 3.c4 Bb4+ 4.Nbd2 b6 5.a3 Bxd2+ 6.Qxd2 O-O 7.e3 Bb7 8.Be2 d6
9.b4 Nbd7 10.Bb2 Qe7 11.O-O Ne4 12.Qc2 f5 13.Rad1 g5 14.d5 g4 15.Nd4 Ng5
16.dxe6 Be4 17.Bd3 Bxd3 18.Qxd3 Ne5 19.Nxf5 Qxe6 20.Bxe5 dxe5 21.Ng3 Rad8
22.Qxd8 Rxd8 23.Rxd8+ Kg7 24.Rc1 Kg6 25.c5 b5 26.Rcd1 Qb3 27.R8d7 h5 28.R7d3 Qc2
29.R3d2 Qc3 30.Rd8 Qb3 31.R1d3 Qb1+ 32.Rd1 Qb3 33.R1d3 Qb1+ 34.Nf1 Ne4 35.R3d7 Qa2
36.Rf8 h4 37.Rxc7 h3 38.Rxa7 hxg2 39.Kxg2 Qd5 40.Kg1 Ng5 41.e4 Nh3+ 42.Kg2 Qxe4+
43.Kg3 Ng1 44.Ne3 Ne2+ 45.Kh4 g3+ 46.Ng4 gxh2 47.Rf6+  1-0

[Event "Caledonian Masters"]
[Site "Edinburgh"]
[Date "1997.??.??"]
[Round "9"]
[White "Gormally, Daniel"]
[Black "Lehtivaara, Petri"]
[Result "1-0"]
[WhiteElo "2425"]
[BlackElo "2370"]

1.d4 e6 2.Nf3 Nf6 3.c4 Bb4+ 4.Nbd2 O-O 5.a3 Be7 6.e4 d5 7.Qc2 dxe4 8.Nxe4 Nbd7
9.Bd3 Nxe4 10.Bxe4 Nf6 11.Bd3 c5 12.dxc5 Bxc5 13.b4 Be7 14.Bb2 h6 15.O-O-O Nd7
16.Ne5 Qe8 17.f4 a5 18.b5 Nxe5 19.fxe5 Bc5 20.Qe2 Qe7 21.Qe4 g6 22.h4 Bd7
23.a4 Ba3 24.Rd2 Bxb2+ 25.Rxb2 Rfd8 26.h5 Be8 27.Kb1 Rd7 28.hxg6 fxg6 29.Rxh6 Qg7
30.Rh3 Rad8 31.Bc2 Rd4 32.Qe3 Rd2 33.Rg3 R8d4 34.Bb3 Qd7 35.c5 R2d3 36.Qg5 Rb4
37.Bxe6+ Qxe6 38.Rxd3 Qc4 39.Qd2 Rxb2+ 40.Kxb2 Bf7 41.Qc3 Qa2+ 42.Kc1 Be6
43.c6 bxc6 44.bxc6 Qxg2 45.c7 Qh1+ 46.Rd1 Qh6+ 47.Kb2 Qh2+ 48.Rd2  1-0

[Event "RUS-Cup5"]
[Site "Ekaterinburg"]
[Date "1997.??.??"]
[Round "6"]
[White "Rashkovsky, Nukhim N"]
[Black "Isaev, Jamshed"]
[Result "1/2-1/2"]
[WhiteElo "2525"]
[BlackElo "2445"]

1.d4 Nf6 2.c4 e6 3.Nf3 Bb4+ 4.Nbd2 O-O 5.e3 d6 6.Be2 Qe7 7.O-O Bxd2 8.Bxd2 e5
9.Bc3 Ne4 10.Rc1 Nxc3 11.Rxc3 c5 12.a3 Bg4 13.b4 e4 14.Nd2 Bxe2 15.Qxe2 Nd7
16.bxc5 dxc5 17.Rb3 b6 18.d5 f5 19.a4 Rf6 20.a5 bxa5 21.Ra3 Rb8 22.Rxa5 a6
23.Rfa1 Rbb6 24.f4 exf3 25.Nxf3 Qe4 26.Nd2 Qc2 27.Qd1 Qb2 28.R5a2  1/2-1/2

[Event "RUS-Cup5"]
[Site "Ekaterinburg"]
[Date "1997.??.??"]
[Round "7"]
[White "Fradkin, Boris"]
[Black "Saunina, Ludmila"]
[Result "1-0"]
[WhiteElo "2355"]
[BlackElo "2210"]

1.d4 Nf6 2.c4 e6 3.Nf3 Bb4+ 4.Nbd2 c5 5.a3 Bxd2+ 6.Bxd2 d6 7.Qc2 Qe7 8.e3 e5
9.dxe5 dxe5 10.Bc3 Nc6 11.Be2 O-O 12.Nd2 Bd7 13.f3 Nh5 14.O-O-O Qg5 15.f4 exf4
16.Ne4 Qe7 17.Bxh5 f5 18.Nxc5 Bc8 19.Nb3 fxe3 20.Bf3 a5 21.Nd4 Ne5 22.Bd5+ Kh8
23.g3 Ng4 24.Rde1 f4 25.h3 Nf6 26.gxf4 Nxd5 27.cxd5 Rxf4 28.Qd3 Re4 29.Nc6  1-0

[Event "Frydek-Mistek op-A"]
[Site "Frydek-Mistek"]
[Date "1997.??.??"]
[Round "1"]
[White "Koutsin, Sergey"]
[Black "Ovchinikova, Julia"]
[Result "1-0"]
[WhiteElo "2400"]
[BlackElo "2235"]

1.d4 Nf6 2.c4 e6 3.Nf3 Bb4+ 4.Nbd2 b6 5.e3 Bb7 6.Bd3 Bxd2+ 7.Bxd2 Ne4 8.O-O O-O
9.Be1 d6 10.Nd2 Nxd2 11.Bxd2 Nd7 12.e4 e5 13.Be3 Qe7 14.f3 a5 15.Qd2 Kh8
16.Rae1 c5 17.d5 Ba6 18.g3 f6 19.f4 exf4 20.gxf4 Rae8 21.b3 Qf7 22.Rf3 f5
23.exf5 Nf6 24.Bf2 Rxe1+ 25.Qxe1 Re8 26.Re3 Rxe3 27.Qxe3 Bc8 28.Bh4 Kg8 29.Qe2 Kf8
30.Bg5 Qe8 31.Qxe8+ Kxe8 32.Kf2 Bd7 33.Kf3 Ke7 34.h3 a4 35.Bh4 axb3 36.axb3 Kf8
37.Be1 Kg8 38.Bg3 Kf7 39.h4 Ne8 40.f6 gxf6 41.Bxh7 f5  1-0

[Event "BL2-S9798"]
[Site "Germany"]
[Date "1997.??.??"]
[Round "?.3"]
[White "Doettling, Fabian"]
[Black "Ksieski, Zbigniew"]
[Result "1-0"]
[WhiteElo "2320"]
[BlackElo "2390"]

1.d4 Nf6 2.c4 e6 3.Nf3 Bb4+ 4.Nbd2 b6 5.a3 Bxd2+ 6.Bxd2 h6 7.g3 Bb7 8.Bg2 O-O
9.O-O a5 10.b3 Be4 11.Bc3 d5 12.a4 Nbd7 13.Bb2 Re8 14.Rc1 dxc4 15.Rxc4 Bd5
16.Rc1 c5 17.Ba3 Qb8 18.dxc5 Nxc5 19.Nd2 Bxg2 20.Kxg2 Qb7+ 21.Kg1 Nce4 22.Nxe4 Nxe4
23.f3 Red8 24.Qc2 Nd6 25.Bxd6 Rxd6 26.Rfd1 Rxd1+ 27.Qxd1 b5 28.axb5 Qxb5
29.Rc4 g6 30.Qc2 Qe5 31.Rc8+ Rxc8 32.Qxc8+ Kg7 33.Qc4 Qe3+ 34.Kf1 g5 35.g4 Qe5
36.Kg2 h5 37.gxh5 Kh6 38.Qd3 f5 39.Qc4 Kxh5 40.h3 Qe3 41.Kf1 Kg6 42.Qb5 Kh5
43.Qc4 Qe5 44.Kg2 Kg6 45.Qd3 Qc5 46.Qd8 Qb5 47.Kf2 Qxb3 48.Qxa5 Qb8 49.Kg2 Qb2
50.Qa6 Kf6 51.Qc4 Qd2 52.h4 Qe3 53.hxg5+ Kxg5 54.Kf1 e5 55.Qg8+ Kf4 56.Qg6 Qd4
57.Qh6+ Kg3 58.Qg5+ Kh3 59.Qxf5+ Kh4 60.Kg2 Qf4 61.Qh3+ Kg5 62.Qg3+ Kf5 63.e4+ Kf6
64.Qxf4+ exf4 65.Kf2 Ke5 66.Ke1 Kd4 67.Ke2 Kc4 68.Kf2 Kd4 69.Kg2 Ke5 70.Kh3  1-0

[Event "BL2-S9697"]
[Site "Germany"]
[Date "1997.??.??"]
[Round "?.1"]
[White "Siegel, Georg"]
[Black "Hertneck, Gerald"]
[Result "1/2-1/2"]
[WhiteElo "2480"]
[BlackElo "2565"]

1.d4 Nf6 2.Nf3 e6 3.c4 Bb4+ 4.Nbd2 b6 5.a3 Bxd2+ 6.Bxd2 Bb7 7.Bg5 h6 8.Bh4 d6
9.e3 Nbd7 10.Bd3 Qe7 11.Qe2 g5 12.Bg3 Ne4 13.O-O-O O-O-O 14.Ne1 Kb8 15.Bxe4 Bxe4
16.f3 Bb7 17.e4 Rde8 18.Nc2 f5 19.exf5 exf5 20.Qxe7 Rxe7 21.Rde1 Rhe8 22.Kd2  1/2-1/2

[Event "BL2-S9798"]
[Site "Germany"]
[Date "1997.??.??"]
[Round "?.1"]
[White "Schwalfenberg, Joerg"]
[Black "Mandl, Robert"]
[Result "1/2-1/2"]
[WhiteElo "2355"]
[BlackElo "2420"]

1.d4 Nf6 2.Nf3 e6 3.c4 Bb4+ 4.Nbd2 b6 5.a3 Bxd2+ 6.Bxd2 Bb7 7.Bf4 d6 8.e3 Nbd7
9.Be2 O-O 10.O-O Ne4 11.Nd2 e5 12.Bg3 Nxg3 13.hxg3 f5 14.b4 Qf6 15.Qa4 Rfd8
16.c5 dxc5 17.Bb5 c6 18.Bc4+ Kh8 19.bxc5 exd4 20.exd4 b5 21.Qb4 a5 22.Qb1 Qxd4
23.Be6 Nxc5 24.Nf3 Qe4 25.Bxf5 Qxb1 26.Raxb1 g6 27.Rfc1 Rd5 28.Bc2 Re8 29.Re1 Rdd8
30.Rbc1 Rxe1+ 31.Rxe1 Rd7 32.Re5 Rd5 33.Re7 Rd7 34.Re5 Rd5 35.Re7 Rd7 36.Re5  1/2-1/2

[Event "Oberliga Nord N9697"]
[Site "Germany"]
[Date "1997.??.??"]
[Round "?"]
[White "Knuth, Hannes"]
[Black "Buhr, Carl Christian"]
[Result "0-1"]
[WhiteElo "2280"]
[BlackElo "2265"]

1.d4 Nf6 2.c4 e6 3.Nf3 Bb4+ 4.Nbd2 b6 5.e3 Bb7 6.Bd3 O-O 7.O-O d5 8.a3 Be7
9.Ne5 Ne4 10.f3 Nxd2 11.Bxd2 f6 12.Ng4 f5 13.Nf2 c5 14.dxc5 bxc5 15.Qc2 Qd7
16.g4 Nc6 17.gxf5 Ne5 18.Ng4 Nxd3 19.Qxd3 exf5 20.Ne5 Qe6 21.Bc3 Rad8 22.Rad1 Bf6
23.f4 dxc4 24.Qe2 Rd5 25.Rxd5 Qxd5 26.e4 Qxe4 27.Qxe4 Bxe4 28.Rd1 Rd8 29.Rxd8+ Bxd8
30.Nxc4 Kf7 31.Kf2 Bf6 32.Ne5+ Ke6 33.Ke3 g5 34.b4 cxb4 35.axb4 h5 36.b5 h4
37.Bd4 h3 38.Nc6 Bxc6 39.Bxf6 gxf4+ 40.Kxf4 Kxf6 41.bxc6 Ke6 42.c7 Kd7 43.Kxf5 Kxc7
44.Ke5  0-1

[Event "BL2-W9697"]
[Site "Germany"]
[Date "1997.??.??"]
[Round "?.4"]
[White "Bayer, Ernst Wolfgang"]
[Black "Kotter, Ralf"]
[Result "0-1"]
[WhiteElo "2305"]
[BlackElo "2300"]

1.d4 Nf6 2.Nf3 e6 3.c4 Bb4+ 4.Nbd2 O-O 5.a3 Be7 6.g3 d5 7.Bg2 Nbd7 8.O-O c5
9.dxc5 Nxc5 10.b4 Nce4 11.Bb2 Nxd2 12.Nxd2 Bd7 13.Qb3 Bc6 14.Rfd1 Qe8 15.a4 Rc8
16.b5 dxc4 17.Nxc4 Bxg2 18.Kxg2 Ne4 19.Bd4 Bc5 20.Qe3 f5 21.f3 Bxd4 22.Qxd4 Qh5
23.g4 Qh4 24.fxe4 fxg4 25.Rd3 Rxc4 26.Qd6 Rxe4 27.Rg1 Rxe2+ 28.Kh1 e5 29.Qd5+ Kh8
30.Rg2 Rf1+  0-1

[Event "NRW-Liga 9798"]
[Site "Germany"]
[Date "1997.??.??"]
[Round "1.6"]
[White "Peschel, Andreas"]
[Black "Zatschek, Mark"]
[Result "0-1"]
[WhiteElo "2105"]
[BlackElo "2250"]

1.d4 Nf6 2.c4 e6 3.Nf3 Bb4+ 4.Nbd2 d5 5.Qa4+ Nc6 6.a3 Be7 7.e3 O-O 8.Qc2 a5
9.b3 Nb8 10.Bb2 Na6 11.Bd3 c5 12.cxd5 cxd4 13.dxe6 Bxe6 14.exd4 Rc8 15.Qd1 Nc5
16.Bc2 Ncd7 17.O-O Nd5 18.Rc1 Bg4 19.Bb1 Qb6 20.Rxc8 Rxc8 21.Nc4 Qh6 22.Nce5 Nxe5
23.dxe5 Nf4 24.Be4 Rd8 25.Qc2 Rc8 26.Qb1 Nxg2 27.Bxh7+ Kf8 28.Be4 Nf4 29.Nd4 Bh3
30.Kh1 Bxf1 31.Qxf1 Ne6 32.Bxb7 Rb8 33.Bd5 Nxd4 34.Bxd4 Qd2 35.Qh3 Kg8 36.Qf3 Rf8
37.Be3 Qd3 38.a4 Qf1+  0-1

[Event "BL2-N9798"]
[Site "Germany"]
[Date "1997.??.??"]
[Round "1.8"]
[White "Lauber, Arnd"]
[Black "Krause, Ullrich"]
[Result "1/2-1/2"]
[WhiteElo "2325"]
[BlackElo "2275"]

1.d4 e6 2.c4 Bb4+ 3.Nd2 Nf6 4.Nf3 O-O 5.a3 Bxd2+ 6.Bxd2 b6 7.e3 Bb7 8.Bd3 d6
9.O-O Nbd7 10.Bc3 Ne4 11.Rc1 a5 12.b4 axb4 13.axb4 Nxc3 14.Rxc3 Qe7 15.c5 bxc5
16.bxc5 Bxf3 17.Qxf3 d5 18.Re1 Nf6  1/2-1/2

[Event "BL2-N9798"]
[Site "Germany"]
[Date "1997.??.??"]
[Round "2.5"]
[White "Bach, Matthias"]
[Black "Neukirch, Detlef"]
[Result "0-1"]
[WhiteElo "2320"]
[BlackElo "2310"]

1.d4 Nf6 2.c4 e6 3.Nf3 Bb4+ 4.Nbd2 d5 5.g3 O-O 6.Bg2 b6 7.O-O Bb7 8.Ne5 Nbd7
9.Qa4 Bd6 10.Ndf3 c5 11.Bf4 Bxe5 12.dxe5 Ne4 13.cxd5 Bxd5 14.Rad1 c4 15.Qc2 Qc8
16.Rd4 Qb7 17.Rfd1 h6 18.Nd2 Nxg3 19.hxg3 Bxg2 20.f3 Bh3 21.Nxc4 Nc5 22.b4 Na6
23.Nd6 Qe7 24.Kh2 Bf5 25.Nxf5 exf5 26.Qxf5 Nxb4 27.Rd7 Qc5 28.Kg2 Qc4 29.R1d2 a5
30.e6 Qxe6 31.Qxe6 fxe6 32.Be5 Rf7 33.Rxf7 Kxf7 34.Rd7+ Kf8 35.a3 Nd5 36.Rxg7 Ne3+
37.Kf2 Nc4 38.Rh7 Re8  0-1

[Event "BL2-N9798"]
[Site "Germany"]
[Date "1997.??.??"]
[Round "2.1"]
[White "Kalinitschew, Sergey"]
[Black "Gipslis, Aivars"]
[Result "1/2-1/2"]
[WhiteElo "2525"]
[BlackElo "2465"]

1.d4 Nf6 2.Nf3 e6 3.c4 Bb4+ 4.Nbd2 O-O 5.a3 Be7 6.e4 d5 7.Bd3 c5 8.e5 Nfd7
9.cxd5 exd5 10.O-O Nc6 11.Re1 a5 12.Qe2 cxd4 13.Nb3 a4 14.Nbxd4 Ndxe5 15.Nxe5 Nxd4
16.Qh5 g6 17.Nxg6 fxg6 18.Bxg6 hxg6 19.Qxg6+ Kh8  1/2-1/2

[Event "NRW-Liga 9798"]
[Site "Germany"]
[Date "1997.??.??"]
[Round "3.1"]
[White "Roeder, Mathias"]
[Black "Matthias, Heiner"]
[Result "0-1"]
[WhiteElo "2435"]
[BlackElo "2355"]

1.d4 Nf6 2.c4 e6 3.Nf3 Bb4+ 4.Nbd2 b6 5.a3 Bxd2+ 6.Bxd2 Bb7 7.Bg5 h6 8.Bh4 d6
9.e3 Nbd7 10.Qc2 Qe7 11.Rd1 O-O 12.Be2 a5 13.b3 Rae8 14.O-O g5 15.Bg3 Ne4
16.Nd2 f5 17.Nxe4 Bxe4 18.Qc1 e5 19.f3 Bb7 20.Rfe1 Qg7 21.b4 axb4 22.axb4 f4
23.exf4 gxf4 24.Bf2 e4 25.fxe4 Bxe4 26.g3 fxg3 27.Bxg3 Nf6 28.Qf4 Nh7 29.Qh4 Ng5
30.Bh5 Bg6 31.Kh1 Re4 32.Rxe4 Bxe4+ 33.Kg1 Qf6 34.h3 Kh7 35.Re1 Qxd4+ 36.Kh2 Qb2+
37.Re2 Qb1 38.Re1 Qc2+ 39.Re2 Rf1 40.Bf4 Rh1+ 41.Kg3 Rg1+  0-1

[Event "Karsten Kold op"]
[Site "Gistrup"]
[Date "1997.??.??"]
[Round "10"]
[White "Hellsten, Johan"]
[Black "Jakobsen, Lars Veno"]
[Result "1-0"]
[WhiteElo "2495"]
[BlackElo "2340"]

1.d4 Nf6 2.c4 e6 3.Nf3 Bb4+ 4.Nbd2 O-O 5.a3 Be7 6.e4 d5 7.cxd5 exd5 8.e5 Nfd7
9.Bd3 c5 10.O-O Nc6 11.Re1 a5 12.Bc2 cxd4 13.Nb3 Re8 14.Nbxd4 Nc5 15.h3 Bf8
16.Bxh7+ Kxh7 17.Ng5+ Kg6 18.Ndf3 Qd7 19.Nh4+ Kh6 20.Ne6+ Kh7 21.Qh5+ Kg8
22.Ng5 Bd6 23.Qh7+ Kf8 24.Qh8+ Ke7 25.exd6+ Kd8 26.Rxe8+ Qxe8 27.Nxf7+  1-0

[Event "Ischia op"]
[Site "Ischia"]
[Date "1997.??.??"]
[Round "?"]
[White "Komljenovic, Davor"]
[Black "Gaggiottini, Manfredo"]
[Result "1-0"]
[WhiteElo "2460"]
[BlackElo "2105"]

1.d4 Nf6 2.Nf3 e6 3.c4 Bb4+ 4.Nbd2 b6 5.a3 Be7 6.e4 Bb7 7.Bd3 d6 8.O-O Nc6
9.b4 a5 10.d5 Ne5 11.Nxe5 dxe5 12.Bb2 O-O 13.Nf3 exd5 14.cxd5 Bxd5 15.exd5 e4
16.Ne5 exd3 17.Nc6 Qd7 18.Qxd3 axb4 19.axb4 Rxa1 20.Rxa1 Re8 21.Rd1 Bd8 22.Qf3 Qg4
23.Qxg4 Nxg4 24.h3 Nf6 25.Be5 Ne4 26.Rc1 f6 27.Bh2 Nc3 28.Kf1 Nxd5 29.Rd1 Nxb4
30.Nxb4 c5 31.Nc6 Be7 32.Bc7 Bf8 33.Na7 Re7 34.Nb5 Re4 35.Rd8 Kf7 36.Bd6 Be7
37.Rd7 c4 38.Rc7 f5 39.Bb4 Re5 40.Nd6+ Kf6 41.Ne8+ Kg6 42.Bxe7 c3 43.Bb4 c2
44.Rxg7+ Kh5 45.Rxh7+ Kg6 46.Rg7+ Kh5 47.Bd2 Rxe8 48.Rg5+ Kh4 49.g3+ Kxh3
50.Rh5+ Kg4 51.Rh4+ Kf3 52.Rf4+  1-0

[Event "Kastel Stari op"]
[Site "Kastel Stari"]
[Date "1997.??.??"]
[Round "7"]
[White "Cebalo, Miso"]
[Black "Jovanic, Ognjen"]
[Result "1/2-1/2"]
[WhiteElo "2540"]
[BlackElo "2260"]

1.d4 Nf6 2.Nf3 e6 3.c4 Bb4+ 4.Nbd2 d5 5.a3 Be7 6.g3 c5 7.cxd5 exd5 8.dxc5 a5
9.Bg2 Nbd7 10.Nb3 O-O 11.O-O a4 12.Nbd4 Nxc5 13.Bf4 Qb6 14.Qc2 Nce4 15.Bc7 Qa6
16.Rfc1 Ng4 17.Rf1 Be6 18.Qd3 Rfc8 19.Rac1 Qxd3 20.exd3 Nc5 21.Nxe6 fxe6
22.Bh3 h5 23.d4 Rxc7 24.dxc5 Bxc5 25.Rce1 Ra6 26.Ne5 Bd4 27.Nxg4 hxg4 28.Bxg4 Kf7
29.Re2 Rb6 30.Rd1 e5 31.Bf3 Rc5 32.Rdd2 Kf6 33.h4 Rcb5 34.Kg2 Rxb2 35.Bxd5 Rxd2
36.Rxd2 Rb5 37.Be4 Rb3 38.g4 Rxa3 39.Bxb7  1/2-1/2

[Event "Koge op"]
[Site "Koge"]
[Date "1997.??.??"]
[Round "2"]
[White "Drazic, Sinisa"]
[Black "Aleksandrov, Aleksej"]
[Result "1-0"]
[WhiteElo "2445"]
[BlackElo "2665"]

1.d4 e6 2.Nf3 Nf6 3.c4 Bb4+ 4.Nbd2 O-O 5.a3 Be7 6.e3 b6 7.Bd3 c5 8.O-O Bb7
9.b3 d5 10.dxc5 bxc5 11.Qc2 a5 12.cxd5 exd5 13.e4 h6 14.Re1 Nc6 15.h3 a4
16.bxa4 c4 17.Bf1 c3 18.Qxc3 dxe4 19.Rb1 Na5 20.Nd4 Rc8 21.Qa1 Qd7 22.Bb5 Qd5
23.Nf1 Bc5 24.Be3 Rfd8 25.Red1 Qe5 26.Nc6 Qxa1 27.Rxd8+ Rxd8 28.Rxa1 Bxc6
29.Bxc5 Bxb5 30.axb5 Rd5 31.Bb4 Rxb5 32.Ng3 Nc4 33.Rc1 Nb6 34.Rc5 Rxc5 35.Bxc5 Nc4
36.a4 h5 37.h4 g6 38.Bd4 Nd5 39.Nxe4 Kf8 40.g3 Ke7 41.Kf1 f5 42.Nc3 Kd6 43.Nxd5 Kxd5
44.Be3 Kc6 45.Ke2 Nb2 46.a5 Kb5 47.Bb6 Nc4 48.Kd3 Ne5+ 49.Kd4 Nf3+ 50.Ke3 Ne5
51.Bd8 Ng4+ 52.Kf3 Ne5+ 53.Ke3 Ng4+ 54.Ke2 Ka6 55.Bc7 Kb5 56.f3 Nf6 57.Kd3 Nd5
58.Bb6 Kc6 59.Be3 Kb5 60.Kd4 Ne7 61.Bd2 f4 62.Bxf4 Kxa5 63.Ke5 Nc6+ 64.Kf6 Nd4
65.Kxg6 Nxf3 66.Kxh5 Kb5 67.Kg6  1-0

[Event "Komarno op"]
[Site "Komarno"]
[Date "1997.??.??"]
[Round "?"]
[White "Priehoda, Vitezslav"]
[Black "Velicka, Petr"]
[Result "1/2-1/2"]
[WhiteElo "2425"]
[BlackElo "2405"]

1.d4 Nf6 2.c4 e6 3.Nf3 Bb4+ 4.Nbd2 d5 5.e3 O-O 6.Bd3 b6 7.O-O Bb7 8.a3 Be7
9.b3 Nbd7 10.Bb2 c5 11.Qe2 Rc8 12.Rfd1 Qc7 13.Rac1 Qb8 14.cxd5 Nxd5 15.Bb1 cxd4
16.Nxd4 Rxc1 17.Rxc1 Rc8 18.Rxc8+ Qxc8 19.Nc4  1/2-1/2

[Event "Lazne Bohdanec"]
[Site "Lazne Bohdanec"]
[Date "1997.??.??"]
[Round "3"]
[White "Tibensky, Robert"]
[Black "Vokac, Marek"]
[Result "1/2-1/2"]
[WhiteElo "2445"]
[BlackElo "2485"]

1.d4 Nf6 2.c4 e6 3.Nf3 Bb4+ 4.Nbd2 d5 5.a3 Be7 6.e3 b6 7.b3 Bb7 8.Bd3 Nbd7
9.Bb2 Ne4 10.O-O O-O 11.Ne1 Nxd2 12.Qxd2  1/2-1/2

[Event "Lazne Bohdanec"]
[Site "Lazne Bohdanec"]
[Date "1997.??.??"]
[Round "5"]
[White "Tibensky, Robert"]
[Black "Stocek, Jiri"]
[Result "1/2-1/2"]
[WhiteElo "2485"]
[BlackElo "2450"]

1.d4 Nf6 2.Nf3 e6 3.c4 Bb4+ 4.Nbd2 b6 5.e3 O-O 6.Bd3 Bb7 7.O-O c5 8.a3 Bxd2
9.Bxd2 d6 10.b4 Nbd7 11.Bc3 Qc7 12.Rc1 Rfe8 13.Nd2 e5 14.bxc5 exd4 15.exd4 dxc5
16.d5 b5 17.Bxf6 Nxf6 18.cxb5 Nxd5 19.Re1 Nf4 20.Bf1 Qd6 21.Rc3 Red8 22.Qc2 h6
23.Ne4 Qe7 24.Qb1 Rac8 25.Qc1 Ne6 26.Bc4  1/2-1/2

[Event "Linz op"]
[Site "Linz"]
[Date "1997.??.??"]
[Round "4"]
[White "Moser, Guenter"]
[Black "Rumpl, Erwin"]
[Result "1/2-1/2"]
[WhiteElo "2340"]
[BlackElo "2190"]

1.d4 Nf6 2.c4 e6 3.Nf3 Bb4+ 4.Nbd2 b6 5.a3 Bxd2+ 6.Qxd2 Bb7 7.b3 d6 8.Bb2 Nbd7
9.e3 Qe7 10.Be2 O-O 11.O-O Ne4 12.Qc2 f5 13.Ne1 e5 14.f3 Ng5 15.d5 Rf6 16.f4 Ne4
17.Bf3 c6 18.dxc6 Bxc6 19.Nd3 a5 20.Nf2 Re8 21.Nxe4 Bxe4 22.Bxe4 fxe4 23.Qxe4 Nc5
24.Qd5+ Qf7 25.Rad1 Nxb3 26.Qb5 Nc5 27.fxe5 Rxf1+ 28.Rxf1 Qe6 29.Qxb6 Na4
30.Qb5 Nxb2 31.Qxb2 Qxe5 32.Qxe5 Rxe5 33.Kf2 Rc5 34.Rd1 Rxc4 35.Rxd6 Rc3
36.a4 Ra3 37.Rd4 Kf7 38.Re4 Kf6 39.Kf3 Ra1 40.h4 Rf1+ 41.Kg4 Rg1 42.g3 Re1
43.h5 Re2 44.Kf3 Ra2 45.Rc4 Ra1 46.g4 Ke6 47.g5 Rf1+ 48.Ke4 Rg1 49.Rc6+ Kd7
50.Rc5 Rg4+ 51.Kf5 Rxa4 52.Rb5 Kc6 53.Re5 Rh4 54.Rxa5 Rxh5 55.Ra7 h6 56.Rxg7 hxg5
57.Rxg5 Rh3 58.e4 Kd7 59.Rg7+ Ke8 60.Ra7 Rh6 61.e5 Rb6  1/2-1/2

[Event "SLO-chT"]
[Site "Ljubljana"]
[Date "1997.??.??"]
[Round "?"]
[White "Osterman, Rudolf"]
[Black "Krumpacnik, Domen"]
[Result "1-0"]
[WhiteElo "2400"]
[BlackElo "2355"]

1.d4 Nf6 2.c4 e6 3.Nf3 Bb4+ 4.Nbd2 d5 5.a3 Be7 6.e3 O-O 7.Bd3 b6 8.O-O Bb7
9.cxd5 Qxd5 10.e4 Qd7 11.Qe2 c5 12.dxc5 bxc5 13.Nc4 Rd8 14.Nfe5 Qc8 15.Bg5 h6
16.Bh4 Nc6 17.f4 Nd4 18.Qe1 Qc7 19.Rd1 Rab8 20.g4 Kf8 21.g5 Ng8 22.Bg3 f5
23.gxf6 gxf6 24.Ng6+ Ke8 25.f5 e5 26.Ngxe5 fxe5 27.Bxe5 Qc6 28.Bxb8 Rxb8
29.Qg3  1-0

[Event "Ljubljana"]
[Site "Ljubljana"]
[Date "1997.??.??"]
[Round "2"]
[White "Atalik, Suat"]
[Black "Mencinger, Vojko"]
[Result "1-0"]
[WhiteElo "2555"]
[BlackElo "2395"]

1.d4 Nf6 2.c4 e6 3.Nf3 Bb4+ 4.Nbd2 b6 5.a3 Bxd2+ 6.Qxd2 Bb7 7.e3 a5 8.b3 O-O
9.Bb2 d6 10.Be2 Nbd7 11.O-O Ne4 12.Qc1 f5 13.Ne1 Qh4 14.f3 Ng5 15.Nd3 Rae8
16.c5 Ba6 17.cxd6 cxd6 18.Qc7 Rd8 19.d5 Qh6 20.Rf2 e5 21.Nxe5 Nxe5 22.Bxa6 Nexf3+
23.gxf3 Nh3+ 24.Kg2 Nxf2 25.h4 Ne4 26.fxe4 fxe4 27.Rg1 Rde8 28.Qd7 g6 29.Rf1 Rxf1
30.Qxe8+ Rf8 31.Qxe4 Qh5 32.Qe6+ Rf7 33.Bf6 Qd1 34.Bf1 Qxb3 35.Qxd6 Qxe3
36.Qd8+ Rf8 37.Qe7 Qd2+ 38.Kg3 Rf7 39.Qe8+ Rf8 40.Qe6+ Rf7 41.d6 Qc1 42.Qe8+ Rf8
43.d7 Qxa3+ 44.Kg2 Qa2+ 45.Kg1  1-0

[Event "Coulsdon"]
[Site "London"]
[Date "1997.??.??"]
[Round "8"]
[White "Plueg, Andreas"]
[Black "Franklin, Michael J"]
[Result "1-0"]
[WhiteElo "2310"]
[BlackElo "2235"]

1.d4 Nf6 2.c4 e6 3.Nf3 Bb4+ 4.Nbd2 O-O 5.a3 Bxd2+ 6.Bxd2 Ne4 7.Bf4 d6 8.Qc2 f5
9.e3 Nd7 10.Bd3 Ndf6 11.O-O Qe7 12.Rae1 b6 13.Ng5 Bb7 14.Nxe4 fxe4 15.Be2 c5
16.dxc5 bxc5 17.Rd1 e5 18.Bg3 g5 19.b4 Rac8 20.Rd2 h5 21.h4 g4 22.Rfd1 Ne8
23.Qa4 Ba8 24.Qa6 Rc6 25.Qa5 Ng7 26.Rd5 Rfc8 27.Qa4 Nf5 28.Qc2 Ra6 29.R5d2 Rxa3
30.Qb2 Ra6 31.b5 Rb6 32.Ra1 Rc7 33.Ra6 Rxa6 34.bxa6 Rc8 35.Bd1 Qc7 36.Ba4 Rb8
37.Bb5 Qe7 38.Qa1 Nxg3 39.fxg3 d5 40.Rf2 d4 41.Rf5 Rb6 42.Qf1 Kg7 43.Rg5+ Rg6
44.Rxh5 d3 45.Rf5 Bc6 46.Qa1 Bxb5 47.Rxe5 Qf6 48.cxb5 Kh6 49.b6 Qxb6 50.Rf5 Kh7
51.Qe5  1-0

[Event "CRO-chT"]
[Site "Medulin"]
[Date "1997.??.??"]
[Round "?"]
[White "Dizdar, Goran"]
[Black "Kurajica, Bojan"]
[Result "0-1"]
[WhiteElo "2550"]
[BlackElo "2545"]

1.d4 Nf6 2.c4 e6 3.Nf3 Bb4+ 4.Nbd2 d5 5.Qa4+ Nc6 6.e3 O-O 7.a3 Be7 8.Qc2 a5
9.b3 Ne8 10.Bb2 f5 11.h3 Nf6 12.g4 Kh8 13.cxd5 exd5 14.gxf5 Ne8 15.Bd3 Bd6
16.Rg1 Qf6 17.Rg5 Ne7 18.O-O-O Bxf5 19.Rdg1 h6 20.Bxf5 Nxf5 21.Rg6 Qe7 22.Ne5 Nh4
23.R6g4 Bxe5 24.dxe5 Rxf2 25.e6 Nf5 26.e4 dxe4 27.Rxe4 Ra6 28.Qc3 Rc6 29.Nc4 b5
30.Qe1 Rxb2 31.Qxa5 bxc4 32.b4 Rxe6 33.Rxe6 Qxe6 34.Kxb2 Qe2+  0-1